| 000 | 00850nam a2200265Ia 4500 | ||
|---|---|---|---|
| 003 | OSt | ||
| 005 | 20220927104105.0 | ||
| 006 | a|||||r|||| 00| 0 | ||
| 007 | ta | ||
| 008 | 220926b |||||||| |||| 00| 0 eng d | ||
| 024 | _a87112 | ||
| 037 | _cReference Collections | ||
| 040 |
_aRTL _cRTL _beng |
||
| 041 |
_2eng _aeng |
||
| 082 | _a"Y:5231.1.N8, M4/UN" | ||
| 110 | _a"United Nations, International Economic and Social Affairs (Deptt. of-)" | ||
| 245 | 0 | _aFertility and family | |
| 260 |
_aNY _bUN _c1984 |
||
| 300 |
_a476p _ccm. |
||
| 490 | _a"International Conference on Population, 1984" | ||
| 650 |
_aFertility _9363376 |
||
| 700 | _a"United Nations, International Economic and Social Affairs (Deptt. of-)" | ||
| 942 |
_h"Y:5231.1.N8, M4/UN" _cCC |
||
| 999 |
_c685693 _d685693 |
||